[Event "Candidates Tournament"]
[Site "London"]
[Date "2013.03.21"]
[Round "6"]
[White "Grischuk, Alexander"]
[Black "Gelfand, Boris"]
[Result "1/2-1/2"]
[WhiteElo "2764"]
[BlackElo "2740"]
[Annotator "Szabo,Kr"]
[PlyCount "109"]
[EventDate "2013.03.15"]
[EventType "tourn"]
[EventRounds "14"]
[EventCountry "ENG"]
[EventCategory "22"]
[SourceTitle "CBM 154"]
[Source "ChessBase"]
[SourceDate "2013.05.15"]
[SourceVersion "1"]
[SourceVersionDate "2013.05.15"]
[SourceQuality "1"]

1. e4 c5 2. Nf3 Nc6 3. Bb5 {Nowdays, the top players prefer to avoid the
Sveshnikov Variation, which was the surprise weapon of Gelfand against Anand
in their World Championship match last year.} e6 4. O-O ({Next round, Carlsen
tried} 4. Bxc6 bxc6 5. b3 d6 6. O-O Ne7 7. e5 Ng6 8. exd6 Bxd6 9. Nc3 e5 10.
Re1 O-O 11. d3 f5 12. Ba3 Be6 13. Na4 Qe7 14. c4 Rad8 15. Qe2 Bc8 $132 {
Carlsen-Radjabov, London 2013}) 4... Nge7 5. Re1 (5. c3 {is another main line.}
) 5... a6 6. Bf1 d5 7. d3 (7. exd5 {A few rounds later, Carlsen played the old
main line against Gelfand.} Nxd5 8. d4 Nf6 9. Be3 cxd4 10. Nxd4 Bd7 11. c4 Nxd4
12. Bxd4 Bc6 13. Nc3 Be7 14. a3 $1 {White would like to gain some space on the
queenside by playing b4.} a5 {Gelfand considered this and tries to avoid.} 15.
Qd3 $1 {Carlsen prepares to activate his a1 R.} O-O 16. Rad1 Qc7 {Black would
like to finish the development. He only needs to get his f8 R to d8.} 17. Be5
$1 Qb6 18. Qg3 $1 $36 {Carlsen-Gelfand, London 2013; with White's initiative.})
7... d4 {A very logical move. Black has gained some space and closes the
position, because the e1 R is mounting an X-ray attack on his king.} (7... g6 {
has also been tried by Ivanchuk.} 8. exd5 (8. Bg5 Bg7 9. c3 h6 10. Bc1 Qc7 11.
h4 {Zvjaginsev-Ivanchuk, Sochi 2006; with a double-edged fight, but I prefer
Black's position.}) 8... exd5 9. d4 cxd4 10. Nxd4 Bg7 11. Nxc6 bxc6 12. Bg5 Be6
{and Black looks nicely placed.}) 8. e5 {The correct answer to avoid Black's
e5.} Nd5 9. c4 $146 ({After} 9. Bg5 Be7 10. Bxe7 Qxe7 11. g3 O-O 12. Nbd2 b5
13. h4 Bb7 14. Bh3 h6 15. Nf1 Rfd8 16. N3d2 Rac8 {Sedlak-Goloshchapov, Topola
2004; and Black is OK.}) (9. g3 Be7 10. Bg2 (10. h4 h6 11. c4 {similar to what
happens in the game.} dxc3 12. bxc3 b5 13. c4 Nb6 14. Nc3 bxc4 15. dxc4 {
(Zvjaginsev-Bocharov, Irkutsk 2010)} Qxd1 16. Rxd1 Na5 17. Nd2 Nd7 $13 {
with an unclear position.}) 10... b5 11. Nbd2 Bb7 12. Ne4 h6 $142 {to avoid
Bg5.} ({In the event of} 12... Qc7 13. Bg5 $1 {Good move, White exchanges the
dark-squared bishops, because d6 becomes very weak in Black's position.} O-O (
13... Bf8 {The computer suggests this, but such dirty moves cannot be good.}
14. c4 $1 dxc3 15. bxc3 $36 {with strong initiative for White.}) 14. Bxe7 Ncxe7
15. h4 Rad8 16. a4 {Campora-Granda Zuniga, Sao Paulo 1993; with some pressure.}
)) 9... dxc3 10. bxc3 Rb8 $5 {Gelfand makes a very deep move, which prepares
for b5.} ({Immediately} 10... b5 {could have been met effectively by} 11. c4 $1
Nb6 12. Nc3 bxc4 13. dxc4 Qxd1 14. Rxd1 Be7 (14... Nd7 15. Ne4 Ndxe5 16. Nxe5
Nxe5 17. Bb2 $44 {With nice compensation for the pawn.}) 15. Be3 O-O 16. Ne4
$14 {with a slightly better endgame for White.}) 11. Bb2 b5 {Only now.} 12.
Nbd2 Be7 13. Ne4 O-O 14. Rb1 {Grischuk protects his B and prepares to play c4,
which removes Black's N from the centre.} Nb6 (14... Bb7 15. c4 Nb6 16. Ba1 {
transposes to the game.}) 15. Ba1 {A useful move, which prepares for c4.} Bb7
16. c4 b4 $6 {An ambitious move, but on the other hand, it allows an
interesting tactical reply for White.} (16... bxc4 17. dxc4 Qxd1 18. Rexd1 Nb4
19. Nc3 Bxf3 20. gxf3 g5 $13) 17. Qd2 ({White could gain some initiative by} 
17. d4 $1 cxd4 18. Nd6 $1 Ba8 (18... Bxd6 19. exd6 Qxd6 20. Nxd4 Nxd4 21. Qxd4
Qxd4 22. Bxd4 {+/=/+/- White regains the pawn with the pair of bishops, so
Black faces a very long and unpleasant endgame.}) 19. Nxd4 Nxe5 20. Nxe6 $1
Nf3+ (20... fxe6 21. Bxe5 $36) 21. Qxf3 $1 Bxf3 22. Nxd8 Bxd6 23. Nxf7 $1 Rxf7
24. gxf3 Rxf3 25. Bd4 $14 {and White can hope for some advantage in this
endgame.}) 17... a5 (17... Nd7 18. Qf4 Qc7 19. Qg3 {similar to the game.}) 18.
Qf4 Nd7 {Forced, otherwise Nf6 comes with a destroying sacrifice.} 19. Qg3 Ba8
20. h4 (20. d4 {was also possible here, but after} cxd4 21. Nxd4 Nxd4 22. Bxd4
Bxe4 23. Rxe4 Nc5 24. Rg4 g6 {Black avoids White's attacks; his chances are
not worse.}) 20... a4 21. h5 h6 {It is very important to avoid h6 g6, because
the dark squares may became horribly weak. Now it is difficult to find, how
White can continue his attack.} 22. Qg4 Qc7 23. Nd6 $2 {Grischuk would like to
complicate the position, but Gelfand found the right tactical stroke.} ({
Perhaps} 23. d4 {was the best} cxd4 24. Nxd4 Nxd4 ({after the greedy} 24...
Ncxe5 $6 25. Qg3 {gives some chances.}) 25. Bxd4 Bxe4 $1 {it is very important
to take this attacking N.} 26. Qxe4 Rfd8 27. Bd3 Nf8 $15 {and Black looks
slightly better.}) 23... Ncxe5 $1 24. Nxe5 Nf6 $1 25. Qd1 Bxd6 26. Qxa4 Nxh5
$17 {Black is a healthy pawn up; his position is better.} 27. Qd1 Nf6 28. Ng4 {
White tries to open the long diagonal for the a1 B, which can cooperate well
with the Q.} Nxg4 29. Qxg4 e5 30. f4 Rbe8 31. Re3 f6 {Of course, Gelfand
closed the diagonal, overprotecting his e5 P.} (31... f5 32. Qg6) 32. Rbe1 Qf7
33. f5 Bc6 34. Rh3 Kh7 35. Bb2 Ra8 $1 36. Bc1 Rg8 $6 (36... Rxa2 $1 {Of course,
in a practical game it is very difficult to take this seemingly insignificant
pawn, especially in time trouble, while the opponent attacks our K. Even so}
37. Bxh6 gxh6 38. Rxh6+ Kxh6 39. Re3 Qh5 40. Rh3 Be8 41. Rxh5+ Bxh5 42. Qh4 Ra7
43. Be2 Kg7 44. Qxh5 b3 45. Qg6+ Kh8 $19 {and Black wins.}) 37. Re2 Bf8 38. Rf2
Re8 39. Be2 e4 40. Qh4 exd3 41. Bh5 Re1+ 42. Rf1 Rxf1+ 43. Kxf1 Qe7 44. Rxd3
Qe5 45. Qg4 Be8 $2 (45... Bd6 46. Bf7 Rf8 47. Be6 Kh8 $17) 46. Bg6+ Bxg6 47.
fxg6+ Kh8 48. Rd7 $1 {Now White is very active.} Bd6 49. Bxh6 $1 Qa1+ 50. Kf2
Qxa2+ 51. Kf1 Qb1+ 52. Kf2 Qc2+ 53. Kg1 Qb1+ 54. Kf2 Qb2+ 55. Kf1 {A very
interesting fight. From the 23rd move Black's postiton was clearly better, but
Grischuk took his practical chances and he was able to save the game.} 1/2-1/2

[Event "Candidates Tournament"]
[Site "London"]
[Date "2013.03.21"]
[Round "6"]
[White "Radjabov, Teimour"]
[Black "Aronian, Levon"]
[Result "0-1"]
[WhiteElo "2793"]
[BlackElo "2809"]
[Annotator "Szabo,Kr"]
[PlyCount "108"]
[EventDate "2013.03.15"]
[EventType "tourn"]
[EventRounds "14"]
[EventCountry "ENG"]
[EventCategory "22"]
[SourceTitle "CBM 154"]
[Source "ChessBase"]
[SourceDate "2013.05.15"]
[SourceVersion "1"]
[SourceVersionDate "2013.05.15"]
[SourceQuality "1"]

1. e4 e5 2. Nf3 Nc6 3. Bb5 Nf6 4. d3 {A perfectly reasonable way of avoiding
the Berlin line, which is one of the main weapons of Aronian.} Bc5 5. c3 O-O 6.
O-O {A very popular line nowadays.} Re8 $5 {A very logical move. Black's idea
is waiting with d6, first a6 Ba4 b5 and in the event of Bc2, Black can
immediately play d5.} (6... d6 {is the main line.}) 7. Nbd2 a6 8. Ba4 b5 9. Bb3
(9. Bc2 d5 {as I mentioned before.}) 9... d6 {Now we have transposed to C78
Arkhangelsk d3 line.} 10. Re1 ({A few months ago Aronian had a blitz game with
} 10. h3 Be6 11. Re1 Bb6 12. Nf1 d5 (12... h6 13. Ng3 Bxb3 14. axb3 a5 15. Nh2
Qd7 16. Ng4 Nxg4 17. hxg4 f6 18. Nf5 Ne7 19. Be3 Bxe3 20. Rxe3 d5 $13 {
Dominguez Perez-Karjakin, Moscow blitz 2009}) 13. Qe2 Na5 14. Bc2 dxe4 15. dxe4
Bc4 16. Qd2 Bxf1 17. Rxf1 Qxd2 18. Nxd2 c5 19. Re1 c4 $11 {Fressinet-Aronian,
Beijing blitz 2012}) 10... Be6 11. Nf1 Bxb3 $146 (11... Bb6 12. h3 {transposes
to 10.h3}) 12. axb3 d5 {This type of position can be reached from the Italian
Game with an extra b5. The a6 P looks a little bit weak, but it's not a real
problem for Black.} 13. Qc2 ({In the event of} 13. Bg5 dxe4 14. dxe4 (14. Bxf6
Qxf6 15. Rxe4 Bb6 {Black looks very nicely placed.}) 14... Qxd1 15. Raxd1 Ng4
$11 {Black can equalise easily.}) 13... h6 14. Ng3 (14. b4 {is also
interesting to avoid a5} Bf8 15. Ng3 {but Black has} a5 {with an equal
position.}) 14... a5 {Now Black has gained some space.} 15. h3 Qd7 16. Be3 Bf8
{is a very ambitious move. Aronian doesn't want to exchange, his B is a very
useful defender on f8 and neutralises Nf5.} 17. Rad1 Rad8 18. Nf5 Qe6 19. g4 {
A little bit risky, but the only plan for the attack.} (19. Bc1 {is also
possible, sometimes threatening with exd5. Probably Radjabov wanted to avoid}
dxe4 20. dxe4 Rxd1 21. Rxd1 Rd8 $11 {and Black could equalise without any
problems.}) 19... dxe4 20. dxe4 Ne7 21. Rxd8 Rxd8 22. Ra1 Ra8 23. c4 b4 24. g5
hxg5 25. Nxg5 Qc8 26. Nxe7+ Bxe7 27. Kh2 Ra6 $1 {A very good move. The
powerful R on a6 can go to the kingside at an important moment...} 28. Rg1 Nd7
29. Qe2 Rg6 {and that moment has arrived.} 30. Qh5 Nf6 (30... Nf8 $1 {was the
best move} 31. Nf3 Rxg1 32. Kxg1 f6 $132 {looks good for Black.}) 31. Qf3 Rh6
32. Ne6 ({After} 32. Nxf7 $5 {White can force a draw} Kxf7 33. Bxh6 gxh6 34.
Qg3 Qd7 35. Qg6+ Ke6 36. Qf5+ Kf7 37. Qg6+ {with perpetual check.}) (32. Ra1 $5
{an unexpected decision, the R suddenly leaves the queenside and attacks
Black's weakest pawn.}) 32... Rh7 33. Ng5 Rh4 {Black is avoiding the
repetition of moves.} 34. Rg2 $6 (34. Ra1 $142 {is also preferable here, just
like two moves before.}) 34... Qd7 35. Rg1 {White tries to hold his position.}
g6 36. Bc1 $6 (36. Ra1 Qd8 $1 37. Rxa5 {a very complicated battle arises after}
Ng4+ $1 38. Kg3 Bxg5 39. Rd5 $1 Bf4+ $1 40. Bxf4 Qf6 $1 41. hxg4 exf4+ 42. Kg2
Kg7 $132 {with strong counterplay for the pawn.}) 36... Qe8 37. Be3 a4 $1 {
Black has protected his king's position so now he can start the breakthrough.}
38. bxa4 Qxa4 39. Bc1 b3 (39... Qc2 {was also strong} 40. b3 Kg7 $15) 40. Qg3
Rh5 41. Qd3 Qc6 42. Be3 Rh4 43. Kg3 Rh8 44. Kh2 Kg7 {Black improves his pieces.
} 45. c5 Qa4 46. Qc3 Re8 47. Qd3 $6 (47. Qxe5 $4 Bd6 $19) ({Maybe} 47. Re1 {
was the best defence.}) 47... Rd8 48. Qc3 Qb5 49. Kg2 (49. Ra1 Rd3 50. Qa5 Qd7
$15) 49... Rd3 $1 50. Qc1 $6 (50. Qxe5 Bd6 $1 51. Ne6+ $1 fxe6 52. Qg5 Rxe3 $1
53. Qxe3 Qxc5 54. Qxc5 Bxc5 55. Rc1 Bd6 $15 {also gives good chances for Black.
}) 50... Nh5 (50... Nd7 $1 {was stronger, but the text move is also very
unpleasant for White.}) 51. Nf3 Qb4 52. Qe1 Qa4 53. Nxe5 $2 {Loses immediately.
} ({After} 53. Qe2 {the fight can continue, but in a practical game it's very
difficult to hold for White.}) 53... Qxe4+ 54. Nf3 Nf4+ 0-1

[Event "Candidates Tournament"]
[Site "London"]
[Date "2013.03.21"]
[Round "6"]
[White "Svidler, Peter"]
[Black "Carlsen, Magnus"]
[Result "0-1"]
[WhiteElo "2747"]
[BlackElo "2872"]
[Annotator "Szabo,Kr"]
[PlyCount "72"]
[EventDate "2013.03.15"]
[EventType "tourn"]
[EventRounds "14"]
[EventCountry "ENG"]
[EventCategory "22"]
[SourceTitle "CBM 154"]
[Source "ChessBase"]
[SourceDate "2013.05.15"]
[SourceVersion "1"]
[SourceVersionDate "2013.05.15"]
[SourceQuality "1"]

1. e4 e5 2. Nf3 Nc6 3. Bb5 a6 4. Ba4 Nf6 5. O-O Be7 6. d3 {A very popular move
nowadays. White would like to avoid some critical lines.} b5 (6... d6 {is
another main move.}) 7. Bb3 d6 8. a4 b4 ({The other possibilities are} 8... Rb8
) ({and} 8... Bd7) 9. Nbd2 O-O 10. a5 Be6 11. Nc4 Rb8 {Both players are
following theory. The upcoming positions are considered to be nicely playable
for both sides. All the pieces are on the board, which ensures a complicated
game where the stronger player might try to outplay his opponent with either
colour.} 12. c3 {Svidler had already two games for this. White wants to play
d4 at a good moment, but of course, this requires long preparation.} (12. h3 {
and}) (12. Re1 {was also tried.}) 12... bxc3 13. bxc3 h6 {Typical prophylaxis
against N or Bg5.} (13... Na7 {looks a little weird and could have been met
effectively by} 14. Ng5 $1 Bg4 15. f3 Bh5 (15... Bd7 {would have been met with}
16. f4 $1 $36 {which gives a strong initiative for White.}) 16. Qc2 Nd7 17. Nh3
$1 {Black has managed to avoid the f4 idea, but his bishop on h5 is out of
play, while the knight on h3 is just temporarily misplaced, as it will soon be
improved through f2.} Kh8 18. Ne3 $14 {Svidler-Sargissian, Ningbo 2011}) 14.
Re1 {From the 12th move, White prepares for d4. This time he protects the e4 P.
} Qc8 {Also a usual move, preparing for Rd8.} 15. Bc2 $146 {The first novelty
of the game, White would like to go back with his knight to e3 and then, d4
finally becomes possible.} (15. Ba3 {is the most common move.}) (15. Ba4 {
was played recently in a top game:} Bxc4 16. Bxc6 (16. dxc4 Nxa5 {This is the
difference. That is why Svidler went to c2 with his bishop.}) 16... Bb5 17.
Bxb5 Rxb5 {and Black's position is completely solid. Leko-Adams, London 2012})
15... Rd8 {This is the standard setup and the idea of the previous Qc8 move.
Black would like to play Bf8 and be ready to push d5 at a good moment.} (15...
Bxc4 {was also interesting. Black gives up his strong B to destroy White's P
structure. It is difficult to judge which factor has bigger importance.} 16.
dxc4 Qe6 17. c5 $5 {probably Svidler wanted to play this P sacrifice and play
on the light squares. Black is really missing his bishop here, but on the
other hand, he is a pawn up.} (17. Qe2 Nd7 $1 {and Black drives his N to c5
and it looks nicely placed.}) 17... dxc5 18. Qe2 Rb5 19. Ba4 (19. Bd3 Rxa5 20.
Rxa5 $6 Nxa5 21. Bxa6 $2 c4 22. Bb5 c6 23. Ba4 Nb3 {is forces the take on b3
and Black gains a very unpleasant advanced P.}) 19... Rxa5 20. Nd2 {now the R
can be trapped.} c4 21. Nxc4 Rc5 22. Bb3 Rb8 {and Black has no problem.}) 16.
Qe2 ({In the event of} 16. Ne3 {Black can play immeditely} d5 $1 {with a
promising position.}) 16... Bf8 (16... Bxc4 17. dxc4 Nd7 {was an option again,
but Carlsen preferred to keep his B pair.}) 17. Ne3 $6 {This seems like an
inaccuracy. The last preparation for d4, but this allows Black's strong reply.}
({Immediately} 17. d4 {would have still been too early. Black can play} exd4
18. cxd4 d5 $1 $15 {with a slight advantage.}) ({Probably} 17. h3 {was the
best waiting move, because Black also has difficulties finding a useful move.}
Bxc4 18. dxc4 Nd7 {similar to the previous line.} 19. Ba4 Ne7 20. Be3 Ng6 {
with a double-edged fight.}) 17... d5 $1 {Excellent timing by Carlsen. White's
last N move left the pressure from the important e5 P, so Black can
immediately start the action.} 18. exd5 Nxd5 19. Nxd5 Rxd5 {Black keeps the e5
pawn protected and, at the same time, attacks the pawn on a5.} ({Maybe} 19...
Bxd5 {was slightly better, as the e5 pawn is not really hanging.} 20. Nxe5 Nxe5
21. Qxe5 Re8 $5 ({Black can also force a draw by} 21... Bxg2 22. Kxg2 Re8 23.
Qxe8 Qg4+ 24. Kf1 Qh3+ 25. Kg1 Qg4+ $11) 22. Qxe8 Qg4 $1 {White has to
sacrifice his Q with} 23. Qe4 $1 (23. Re4 $2 Rxe8 $19) (23. f3 $2 Bxf3 $1 $19)
23... Bxe4 24. Rxe4 {Only Black can be better.}) 20. h3 $2 {This typical move
is a mistake. White would like to open the back rank and avoid the pin after
Bg4. The initiative passes to Black and Carlsen does not let it slip away
anymore.} (20. d4 $6 {is not so good, because} exd4 21. Qe4 g6 {and Black has
avoided everything, White cannot continue the attack. For example:} 22. cxd4
Qd8 23. Ra4 Bb4 $15) (20. Ba4 Rxa5 ({after} 20... Nxa5 21. Nxe5 Nb3 22. Bxb3
Rxb3 23. c4 Rd8 {Black is also OK here.}) 21. Bd2 (21. Bxh6 $6 {White would
like to protect the a1 R and threaten Bxc6, but after} Rxa4 $1 22. Rxa4 gxh6
23. Nxe5 Nxe5 24. Qxe5 Bg7 $17 {Black is much better.}) 21... Rc5 22. Bxc6 Rxc6
23. Nxe5 Rcb6 $15 {Thanks to the pair of Bs and passed P, Black looks very
nicely placed.}) (20. c4 Rxa5 21. Rxa5 Nxa5 22. Nxe5 Nb3 23. Bb2 c5 $132 {
and the N goes to d4.}) (20. Qe4 {is an interesting alternative. White would
like to provoke a weakness on the kingside with the threat of d4.} g6 ({On} 
20... f5 {White simply answers} 21. Qe2 {and the e5 P become vulnerable.}) 21.
Ba4 $1 Nxa5 22. Nxe5 Bg7 23. Bf4 $14 {Now the exchange of the a5 pawn for the
e5 one favours White. White seems to have an edge here.}) 20... Bf5 $1 {
A very strong move! Black prevents d4 and can exert pressure on the d3
weakness and soon, the a5 P will be hanging as well.} 21. Rd1 Qe6 22. Bb1 {
Svidler tries to activate his B from a2.} Qd7 $1 {Keeping the pressure on the
d3 P.} (22... Rxa5 {allows some counterplay for White.} 23. Rxa5 Nxa5 24. Ba2 {
getting back the e5 P.}) 23. Be3 e4 $1 (23... Rxb1 {not the best, because} 24.
Raxb1 Bxd3 {and White has} 25. Qa2 $1 {to attack the d5 R.} Rxa5 26. Qxa5 $1
Nxa5 27. Nxe5 Qf5 28. Nxd3 {The two R will give unpleasant counterchanches for
White.}) 24. Nd4 Nxd4 25. Bxd4 $2 {This allowed a tactical blow, which
actually Carlsen judged too risky.} (25. cxd4 {also led to Black's advantage
after} exd3 26. Bxd3 Bxd3 27. Qxd3 Rbb5 $1 $15 {White has serious problems
with the a5 P. Black is clearly better.}) 25... exd3 ({The computer immeditely
finds the strong} 25... Bxh3 $1 26. dxe4 (26. gxh3 {is not possible.} Qxh3 27.
Be3 Bd6 $1 $19) 26... Rg5 27. g3 {This was the critical position where I think
Carlsen missed a winning combination or just did not want to risk a
miscalculation. Black wins after a fantastic tactical blow:} Bg4 $1 28. f3 Rb2
$3 29. Qxb2 Bxf3 {and Black has too many threats. Rxg3, Qh3 and the simple
Bxd1.} 30. Qf2 (30. Rd3 Rxg3+ 31. Kf2 Rg2+ $19) 30... Bxd1 $19 {with an extra
P and a strong attack.}) 26. Bxd3 Bxd3 27. Rxd3 c5 28. Be5 $1 {This was
Svidler's plan, when he took back with the B on d4, but unfortunately for him,
it does not solve the problems.} Rxd3 29. Bxb8 c4 $1 {A great positional move!
Black protects the d3 R, fixes c3 and frees the c5 square for his B, where it
puts very strong pressure on f2. The additional weaknesses on c3 and a5 are
too much for White to hold the position.} 30. Be5 (30. Qe1 {was slightly better
} Bc5 31. Kh2 {followed by Bg3.}) 30... Bc5 31. Rb1 Qd5 $1 {Carlsen activates
his pieces.} (31... Rd2 {was too early} 32. Qxc4 {and Bxf2 is only a check.
There is no reason for Black to hurry with this plan.}) 32. Rb8+ Kh7 33. Qh5 {
Svidler tried the last trap with the threat of Rh8 Kxh8 Qxh6 and mate on g7,
but of course, this doesn't work on this level.} (33. Re8 {was the best chance,
although Black has various ways to remain better here as well.} Qd7 (33... f5 {
is also good to prevent Qe4.}) 34. Ra8 Qe6 {The following line is forced:} 35.
Qe4+ f5 36. Rh8+ $1 Kg6 $1 ({Of course not} 36... Kxh8 $2 37. Bxg7+ $1 $18) 37.
Qf4 Rd1+ 38. Kh2 Bxf2 $1 $17 {and Black is better.}) 33... Qe4 $1 {A cool
defence against the Rh8 and it also creates some threats of destroying White's
position.} 34. Rb2 (34. Rh8+ Kxh8 35. Qxh6+ Qh7 $1 $19) 34... Rd5 $1 {White
cannot avoid losing a piece.} 35. Re2 Qb1+ 36. Kh2 f6 0-1